书目信息 |
| 题名: |
摄影大师的夜间与弱光拍摄秘诀
|
|
| 作者: | 弗罗斯特 著 ;郑莉青 译 | |
| 分册: | ||
| 出版信息: | 杭州 浙江摄影出版社 2005.01 |
|
| 页数: | 245页 | |
| 开本: | 21cm | |
| 丛书名: | ||
| 单 册: | ||
| 中图分类: | J417 | |
| 科图分类: | ||
| 主题词: | 夜间摄影--ye jian she ying--摄影艺术 | |
| 电子资源: | ||
| ISBN: | 7-80686-329-X | |
| 000 | 01158nam0 2200253 450 | |
| 001 | 012007059042 | |
| 005 | 20071010160707.43 | |
| 010 | @a7-80686-329-X@dCNY39.00 | |
| 100 | @a20070816d2005 km y0chiy0120 ea | |
| 101 | 1 | @achi@ceng |
| 102 | @aCN@b330000 | |
| 105 | @aa z 000yy | |
| 200 | 1 | @a摄影大师的夜间与弱光拍摄秘诀@Ashe ying da shi de ye jian yu ruo guang pai she mi jue@d= The complete guide to night & low-light photograpahy@f(英) 李·弗罗斯特著@F(ying)li·fu luo si te zhu@g郑莉青译@Gzheng li qing yi@zeng |
| 210 | @a杭州@c浙江摄影出版社@d2005.01 | |
| 215 | @a245页@c图 (部分彩图)@d21cm | |
| 306 | @a本书原版由英国David & Charles 出版社正式出版; 本书中文简体字版由英国David & Charles出版社授权出版 | |
| 330 | @a本书收集了250多张照片,讲述了设备、光线与曝光、摄影题材与拍摄技巧等内容,旨在说明可以在夜间和弱光条件拍摄的照片类型以及如何拍摄这种照片。 | |
| 500 | 10 | @aComplete guide to night & low-light photograpahy@mChinese |
| 606 | 0 | @a夜间摄影@Aye jian she ying@x摄影艺术 |
| 690 | @aJ417@v4 | |
| 701 | 1 | @a弗罗斯特@Afu luo si te@g(Frost, Lee)@4著 |
| 702 | 0 | @a郑莉青@Azheng li qing@4译 |
| 801 | 0 | @aCN@c20071010 |
| 905 | @dJ417@eF596 | |
| 摄影大师的夜间与弱光拍摄秘诀= The complete guide to night & low-light photograpahy/(英) 李·弗罗斯特著/郑莉青译.-杭州:浙江摄影出版社,2005.01 |
| 245页:图 (部分彩图);21cm |
| ISBN 7-80686-329-X:CNY39.00 |
| 本书收集了250多张照片,讲述了设备、光线与曝光、摄影题材与拍摄技巧等内容,旨在说明可以在夜间和弱光条件拍摄的照片类型以及如何拍摄这种照片。 |
| ● |
| 相关链接 |
|
|
|
正题名:摄影大师的夜间与弱光拍摄秘诀
索取号:J417/F596
 
预约/预借
| 序号 | 登录号 | 条形码 | 馆藏地/架位号 | 状态 | 备注 |
| 1 | 253272 | 202532722 | 社科库309/309社科库 84排3列2层/ [索取号:J417/F596] | 在馆 | |
| 2 | 253273 | 202532731 | 社科库309/309社科库 84排3列2层/ [索取号:J417/F596] | 在馆 |